000 00544cam a22001934a 4500
005 20250605164156.0
008 250528s ||||||||||||||||||||||||d
035 _a19593
020 _a960120511
040 _aGR-AtMCL
_bgre
_dGR-AtMCL
_eAACR2
245 1 _aΒΙΟΛΟΓΙΑ / ΔΟΜΗ ΚΑΙ ΛΕΙΤΟΥΡΓΙΑ ΤΩΝ ΟΡΓΑΝΙΣΜΩΝ
250 _a1
260 _bUniversity Studio Press,
_c1996
300 _a205
700 1 _aΚεβρεκιδης Θοδωρος Δ
_95797
942 _cBK
999 _c4849
_d4849